El mar infinito / (Registro nro. 3264)
[ vista simple ]
| 000 -LEADER | |
|---|---|
| fixed length control field | 01127nam a2200193 a 4500 |
| 008 - CAMPO DE CONTROL (LIBRO) | |
| fixed length control field | 190917t2014 sp |||g |||| 001 0 spa d |
| 020 ## - INTERNATIONAL STANDARD BOOK NUMBER | |
| ISBN | 9789874578006 |
| 041 ## - CODIGO DE IDIOMA | |
| Código de idioma del texto/pista de sonido o título separado | spa |
| 092 ## - SIGNATURA TOPOGRAFICA DEWEY LOCAL | |
| número de clasificación | 808 |
| libristica | 97 |
| sección | YAN |
| 100 1# - ENTRADA PRINCIPAL--NOMBRE PERSONAL | |
| Nombre personal | Yancey, Rick |
| 9 (RLIN) | 4313 |
| 245 #3 - TITULO PROPIAMENTE DICHO | |
| Título | El mar infinito / |
| Mención de responsabilidad y remanente de la transcripción de la portada | Rick Yancey |
| 250 ## - MENCION DE EDICION | |
| Mención de edición | 1a ed. |
| Mención de responsabilidad relacionada con la ed. | Traducción Pilar Ramírez Tello |
| 260 ## - PIE DE IMPRENTA | |
| Lugar de publicación, distribución, etc | Buenos Aires: |
| Nombre de la editorial, distribuidor, etc | RBA; |
| Fecha de publicación | 2014. |
| 300 ## - DESCRIPCION FISICA | |
| Extension | 314 p. |
| 500 ## - NOTA GENERAL | |
| Nota general | Yancey, R. (2014). El mar infinito. (1a ed.). Barcelona : RBA. |
| 505 ## - NOTA DE CONTENIDO | |
| Nota de contenido formateada | Cassie Sullivan y sus compañeros han sobrevivido a las cuatro olas de destrucción de los Otros. Ahora, con la raza humana prácticamente exterminada y la quinta ola arrasándolo todo, se enfrentan a una elección: esperar a Evan Walker o huir en búsqueda de otros supervivientes antes de que el enemigo los alcance. Consumidos, pero no derrotados. Acosados, pero no sometidos. Esta guerra ha dejado de ser de humanos contra alienígenas. Es la lucha de la esperanza contra la desolación. De la fe contra el miedo. Del amor contra el odio. Y la humanidad es el campo de batalla. |
| 655 ## - MATERIA - GENERO/FORMA | |
| Género/Forma | Literatura |
| -- | 2917 |
| 942 ## - ADDED ENTRY ELEMENTS (KOHA) | |
| Source of classification or shelving scheme | Dewey Decimal Classification |
| Item type | LITERATURA |
| Estado de retiro | Existencia | Fuente de clasificación | Estado general | No para prestamo | Ubicación permanente | ubicación actual | Sala de ubicación | Fecha de adquisición | Fuente de adquisición | Total Checkouts | Número de clasificación | Código de barras | Date last seen | Número de ejemplar | Price effective from | Koha tipo de elemento (item) | Public note | Coded location qualifier |
|---|---|---|---|---|---|---|---|---|---|---|---|---|---|---|---|---|---|---|
| Dewey Decimal Classification | Biblioteca Medicina | Biblioteca Medicina | Circulación | 14/05/2025 | Donación Mayo 2025, Hernández, Maria José. | 808 97 YAN | 5023 | 14/05/2025 | Ej. 1 | 14/05/2025 | LITERATURA | Donación Mayo 2025, Hernández, Maria José. Sede Tordos |